| 000 -ლიდერი |
| ფიქსირებული სიგრძის საკონტროლო ველი |
01766nam a22002177a 4500 |
| 003 - საკონტროლო ნომრის იდენტიფიკატორი |
| საკონტროლო ველი |
Ge_BSU |
| 005 - ბოლო ოპერაციის თარიღი და დრო |
| საკონტროლო ველი |
20230405111558.0 |
| 008 - ფიქსირებული სიგრძის მონაცემთა ელემენტები - ზოგადი ინფორმაცია |
| ფიქსირებული სიგრძის საკონტროლო ველი |
230405s1970 ge ||||| |||| 00| 0 geo d |
| 041 ## - ენის კოდი |
| Language code of text/sound track or separate title |
geo |
| 080 ## - უნივერსალური ათობითი კლასიფიკაციის ინდექსი |
| Universal Decimal Classification number |
902.2(479.22)+903.35(479.22)+725.1:623.1(479.22) ხ-34 |
| 100 ## - მთავარი ჩანაწერი - პიროვნების სახელი |
| Personal name |
ხახუტაიშვილი, დავით |
| 9 (RLIN) |
17483 |
| 245 ## - ცნობა სათაურის შესახებ |
| Title |
უფლისციხე : ტ. 2 : |
| Remainder of title |
1963-1969 წ. არქეოლოგიური კვლევა-ძიების შედეგები / |
| Statement of responsibility, etc |
დ. ხახუტაიშვილი; რედ. შ. ამირანაშვილი; საქართველოს სსრ მეცნიერებათა აკადემია, ივანე ჯავახიშვილის სახელობის ისტორიის, არქეოლოგიის და ეთნოგრაფიის ინსტიტუტი. |
| 264 ## - წარმოების, გამოცემის, დისტრიბუციის და სხვა ცნობები |
| გამოცემის, წარმოების, დისტრიბუციის... ადგილი |
თბილისი : |
| გამოცემის, წარმოების, დისტრიბუციის... სახელწოდება |
მეცნიერება, |
| გამოცემის, წარმოების, დისტრიბუციის... თარიღი |
1970. |
| 300 ## - ფიზიკური აღწერა |
| Extent |
210 გვ. : |
| Other physical details |
ტაბულები; |
| Dimensions |
26 სმ. |
| 653 ## - INDEX TERM--UNCONTROLLED |
| Uncontrolled term |
საქართველოს არქეოლოგია |
| 653 ## - INDEX TERM--UNCONTROLLED |
| Uncontrolled term |
საქართველოს არქეოლოგიური ძეგლები |
| 653 ## - INDEX TERM--UNCONTROLLED |
| Uncontrolled term |
უფლისციხე |
| 700 ## - ADDED ENTRY--PERSONAL NAME |
| Personal name |
ამირანაშვილი, შ |
| Relator term |
რედაქტორი |
| 9 (RLIN) |
4052 |
| 710 ## - ADDED ENTRY--CORPORATE NAME |
| Corporate name or jurisdiction name as entry element |
საქართველოს სსრ მეცნიერებათა აკადემია |
| Subordinate unit |
ივანე ჯავახიშვილის სახელობის ისტორიის, არქეოლოგიისა და ეთნოგრაფიის ინსტიტუტი |
| 9 (RLIN) |
17484 |
| 942 ## - ADDED ENTRY ELEMENTS (KOHA) |
| Source of classification or shelving scheme |
|
| Koha item type |
წიგნი |